| 000 | 00548nam a2200133Ia 4500 | ||
|---|---|---|---|
| 008 | 171207s9999 xx 000 0 und d | ||
| 100 | _aRoberts, Chris | ||
| 245 | _aDining Behaviors: Considering A Foodservice Theory Of In-Home, Local Community, And Eating While Traveling | ||
| 245 | _cChris Roberts, Linda J. Shea | ||
| 260 | _c2017 | ||
| 300 | _apages 393-97, May 2017 | ||
| 440 |
_aJournal of Hospitality & Tourism Research _v41:4 |
||
| 650 | _aIN-HOME DINING, DINING THEORY, FOODSERVICE THEORY, DINING WHILE TRAVELING, LOCAL COMMUNITY DINING | ||
| 999 |
_c347575 _d347575 |
||